Commutive algebra
This ssecond volume of our treatise on commutavie algebra deals largely with three basic topics,which go beyond the more or less classical material of volume I.
Gorde:
| Egile nagusia: | |
|---|---|
| Formatua: | Liburua |
| Hizkuntza: | Undetermined |
| Argitaratua: |
New York
Springer
1960
|
| Gaiak: | |
| Etiketak: |
Etiketa erantsi
Etiketarik gabe, Izan zaitez lehena erregistro honi etiketa jartzen!
|
| Thư viện lưu trữ: | Trung tâm Học liệu Trường Đại học Cần Thơ |
|---|
| LEADER | 00696nam a2200205Ia 4500 | ||
|---|---|---|---|
| 001 | CTU_148642 | ||
| 008 | 210402s9999 xx 000 0 und d | ||
| 082 | |a 512.24 | ||
| 082 | |b Z37/Vol.2 | ||
| 100 | |a Zariski, Oscar | ||
| 245 | 0 | |a Commutive algebra | |
| 245 | 0 | |c Oscar Zariski, Pierre Samuel | |
| 260 | |a New York | ||
| 260 | |b Springer | ||
| 260 | |c 1960 | ||
| 520 | |a This ssecond volume of our treatise on commutavie algebra deals largely with three basic topics,which go beyond the more or less classical material of volume I. | ||
| 650 | |a Commutative algebra | ||
| 650 | |x Đại số giao hoán | ||
| 904 | |i Tuyến | ||
| 980 | |a Trung tâm Học liệu Trường Đại học Cần Thơ | ||